Derecho mercantil: Parte general y sociedades./ (Registro nro. 9452)
[ vista simple ]
| 000 -LEADER | |
|---|---|
| fixed length control field | 01968nam a2200217Ia 4500 |
| 005 - FECHA Y HORA DE LA ÚLTIMA TRANSACCIÓN | |
| control field | 20250703165933.0 |
| 008 - FIXED-LENGTH DATA ELEMENTS--GENERAL INFORMATION | |
| fixed length control field | 230921s9999 xx 000 0 und d |
| 020 ## - INTERNATIONAL STANDARD BOOK NUMBER | |
| International Standard Book Number | 9786074388565 |
| 040 ## - CATALOGING SOURCE | |
| Original cataloging agency | UPAN |
| Transcribing agency | Biblioteca San Vicente |
| Description conventions | RCAA2 |
| 041 ## - LANGUAGE CODE | |
| Language code of text/sound track or separate title | spa |
| 082 ## - DEWEY DECIMAL CLASSIFICATION NUMBER | |
| Classification number | 346 |
| Item number | P227d |
| año de publicación | 2014 |
| 100 ## - MAIN ENTRY--PERSONAL NAME | |
| Personal name | Paredes Sánchez, Luis |
| Relator code | aut. |
| 245 #0 - TITLE STATEMENT | |
| Title | Derecho mercantil: Parte general y sociedades./ |
| Remainder of title | Luis Paredes Sánchez |
| 250 ## - EDITION STATEMENT | |
| Edition statement | 1° ed. |
| 260 ## - PUBLICATION, DISTRIBUTION, ETC. (IMPRINT) | |
| Place of publication, distribution, etc | Mexico: |
| Name of publisher, distributor, etc | Patria, |
| Date of publication, distribution, etc | 2014 |
| 300 ## - PHYSICAL DESCRIPTION | |
| Extent | 312 p.; |
| Dimensions | 28 cm. |
| 505 ## - FORMATTED CONTENTS NOTE | |
| Miscellaneous information | Primera Parte: <br/>Parte general<br/>1. Concepto y fuentes<br/>2. Historia<br/>3. Distinción entre derecho civil y mercantil y criterios de mercantilidad<br/>4. Acto de Comercio<br/>5. Sujeto de comercio. Comerciante<br/>6. Negociación mercantil o empresa<br/>7. Obligaciones del comerciante<br/>8. Auxiliares mercantiles<br/>9. Registro público de comercio <br/><br/>Segunda Parte: <br/>Sociedades mercantiles<br/>1. Concepto<br/>2. Personalidad jurídica<br/>3. Atributos de la personalidad y elementos esenciales de las sociedades mercantiles<br/>4. Constitución de sociedades mercantiles<br/>5. Representación de las sociedades mercantiles<br/>6. Socios y sociedades mercantiles<br/><br/>Sección Segunda: Tipos sociales en particular<br/>1. Sociedad anónima<br/>2. Sociedad en nombre colectivo<br/>3. Sociedad en comandita simple<br/>4. Sociedad de responsabilidad limitada<br/>5. Sociedad en comandita por acciones<br/><br/>Sección Tercera. Régimen de capital variable<br/>Capitulo único. Origen y antecedentes<br/><br/>Sección Cuarta: Negocios corporativos especialísimos<br/>1. Fusión de sociedades mercantiles <br/>2. Transformación<br/>3. Escisión<br/><br/>Sección Quinta: Terminación de la vida de la sociedad<br/>1. Disolución<br/>2. Liquidación<br/><br/>Tercera Parte: <br/>Sociedades extranjeras de naturaleza mercantil<br/>Capitulo único. Generalidades<br/><br/>Cuarta Parte: <br/>Asociación en participación<br/>Capitulo único. Generalidades |
| 650 ## - SUBJECT ADDED ENTRY--TOPICAL TERM | |
| Source of heading or term | LEMB |
| General subdivision | Derecho mercantil |
| 700 ## - ADDED ENTRY--PERSONAL NAME | |
| Personal name | Meade Hervert, Oliver |
| Relator code | col. |
| 942 ## - ADDED ENTRY ELEMENTS (KOHA) | |
| Koha item type | Libros |
| Source of classification or shelving scheme | Dewey Decimal Classification |
| Withdrawn status | Lost status | Source of classification or shelving scheme | Damaged status | Not for loan | Collection code | Home library | Current library | Date acquired | Total Checkouts | Full call number | Barcode | Date last seen | Copy number | Price effective from | Koha item type |
|---|---|---|---|---|---|---|---|---|---|---|---|---|---|---|---|
| Dewey Decimal Classification | Colección General | Biblioteca UPAN San Vicente | Biblioteca UPAN San Vicente | 21/09/2023 | 346 P227d | 12004328 | 21/09/2023 | 01 | 21/09/2023 | Libros | |||||
| Dewey Decimal Classification | Colección General | Biblioteca UPAN San Vicente | Biblioteca UPAN San Vicente | 21/09/2023 | 346 P227d | 12004327 | 22/09/2023 | 02 | 21/09/2023 | Libros | |||||
| Dewey Decimal Classification | Colección General | Biblioteca UPAN San Vicente | Biblioteca UPAN San Vicente | 21/09/2023 | 346 P227d | 12004326 | 22/09/2023 | 03 | 21/09/2023 | Libros |